Invalidní důchody Sociální finance. 3
Invalidné dôchodky. Starobná a nemocenská koncepcia invalidných dôchodkov. Sociálne úrazové poistenie. Relácia invalidných dôchodkov a priemerný zárobok robotníka v spracovateľskom priemysle v krajinách Európskej únie v r. 1991 (Belgicko, Dánsko, Luxembursko, Taliansko, Holandsko, Francúzsko, Nemeck...
Salvato in:
| Autore principale: | |
|---|---|
| Natura: | Capitolo di libro |
| Lingua: | ceco |
| Soggetti: | |
| Tags: |
Nessun Tag, puoi essere il primo ad aggiungerne!!
|
MARC
| LEADER | 00000naa a2200000 4500 | ||
|---|---|---|---|
| 001 | r026176 | ||
| 005 | 20230920093627.6 | ||
| 041 | 0 | |a cze | |
| 044 | |a CZ | ||
| 245 | 1 | 0 | |a Invalidní důchody |b Sociální finance. 3 |c J. Vostatek |
| 520 | |a Invalidné dôchodky. Starobná a nemocenská koncepcia invalidných dôchodkov. Sociálne úrazové poistenie. Relácia invalidných dôchodkov a priemerný zárobok robotníka v spracovateľskom priemysle v krajinách Európskej únie v r. 1991 (Belgicko, Dánsko, Luxembursko, Taliansko, Holandsko, Francúzsko, Nemecko, Grécko, Írsko, Španielsko, V. Británia, Portugalsko). Rozlíšenie stupňa invalidity v zahraničí a Česku. Uprednostnenie domácej starostlivosti. Nové odvetvie vrámci sociálneho poistenia v Nemecku: poistenie starostlivosti. | ||
| 610 | 2 | 0 | |a zabezpečenie sociálne |
| 610 | 2 | 0 | |a poistenie sociálne |
| 610 | 2 | 0 | |a poistenie invalidné |
| 610 | 2 | 0 | |a poistenie úrazové |
| 610 | 2 | 0 | |a Belgicko |
| 610 | 2 | 0 | |a Dánsko |
| 610 | 2 | 0 | |a Holandsko |
| 610 | 2 | 0 | |a Francúzsko |
| 610 | 2 | 0 | |a Nemecko |
| 610 | 2 | 0 | |a Luxembursko |
| 610 | 2 | 0 | |a Grécko |
| 610 | 2 | 0 | |a Írsko |
| 610 | 2 | 0 | |a Španielsko |
| 610 | 2 | 0 | |a Veľká Británia |
| 610 | 2 | 0 | |a Portugalsko |
| 100 | 1 | |a Vostatek, Jaroslav | |